[Event "GBR-ch106"]
[Site "Torquay"]
[Date "2019.08.01"]
[Round "6.26"]
[White "Starley, Robert"]
[Black "Villiers, Thomas"]
[Result "1/2-1/2"]
[WhiteElo "2058"]
[BlackElo "2218"]
[PlyCount "118"]
[EventDate "2019.07.27"]
[EventType "swiss"]
[EventRounds "9"]
[EventCountry "GBR"]

1. e4 e6 2. d4 d5 3. e5 c5 4. c3 Qb6 5. Nf3 Bd7 6. Be2 Bb5 7. O-O Nd7 8. Be3
Bxe2 9. Qxe2 c4 10. Qc2 Ne7 11. Nbd2 Nc6 12. b3 cxb3 13. axb3 Be7 14. Qd3 O-O
15. Bg5 Qd8 16. Bxe7 Qxe7 17. Rfe1 a6 18. Nf1 b5 19. Ne3 Rfb8 20. b4 a5 21.
bxa5 Nxa5 22. Nc2 Nc4 23. Nb4 Qe8 24. Ng5 Nf8 25. g3 Rxa1 26. Rxa1 Ra8 27. Rxa8
Qxa8 28. Qf3 Qa7 29. Qd3 Qa3 30. Kg2 Qc1 31. Nf3 h6 32. Qc2 Qa1 33. Nd3 Nd7 34.
Nd2 Nxd2 35. Qxd2 Nb6 36. Qb2 Qa4 37. Nc5 Qc4 38. h4 Na4 39. Nxa4 bxa4 40. Qb8+
Kh7 41. Qb1+ g6 42. Qb7 Kg7 43. Qe7 Qc8 44. Qa7 Qe8 45. Kh2 Qb5 46. Qe7 Qb8 47.
Kg2 Qa8 48. Qa3 h5 49. Kh2 Qa7 50. Kg2 Qa6 51. Qe7 Qa8 52. Qa3 Kg8 53. Kh2 Qa6
54. Kg2 Kg7 55. Qe7 Qd3 56. Qf6+ Kg8 57. Qd8+ Kh7 58. Qd7 Qe4+ 59. Kg1 Kg7
1/2-1/2

[Event "GBR-ch106"]
[Site "Torquay"]
[Date "2019.08.02"]
[Round "7.1"]
[White "Howell, David WL"]
[Black "Adams, Michael"]
[Result "1/2-1/2"]
[WhiteElo "2697"]
[BlackElo "2690"]
[PlyCount "42"]
[EventDate "2019.07.27"]
[EventType "swiss"]
[EventRounds "9"]
[EventCountry "GBR"]

1. d4 Nf6 2. c4 e6 3. Nc3 Bb4 4. Qc2 d5 5. cxd5 exd5 6. Bg5 h6 7. Bh4 O-O 8. e3
c5 9. dxc5 Be6 10. Nf3 Nbd7 11. Be2 Rc8 12. c6 Rxc6 13. Nd4 Rc8 14. O-O Qe7 15.
Qb3 Bxc3 16. bxc3 Nc5 17. Bxf6 Qxf6 18. Qb4 b6 19. a4 Qg6 20. a5 Ne4 21. Nxe6
Qxe6 1/2-1/2

[Event "GBR-ch106"]
[Site "Torquay"]
[Date "2019.08.02"]
[Round "7.24"]
[White "Krzyzanowski, Patryk"]
[Black "Longson, Sarah N"]
[Result "0-1"]
[WhiteElo "2114"]
[BlackElo "2095"]
[PlyCount "118"]
[EventDate "2019.07.27"]
[EventType "swiss"]
[EventRounds "9"]
[EventCountry "GBR"]

1. d4 d5 2. Nf3 Nf6 3. c4 dxc4 4. g3 c5 5. Bg2 Nc6 6. Ne5 Nxe5 7. dxe5 Qxd1+ 8.
Kxd1 Ng4 9. Kc2 Nxe5 10. Bf4 Nc6 11. Bxc6+ bxc6 12. Nd2 Ba6 13. Ne4 Bc8 14. Kc3
Bf5 15. Nd2 g6 16. Nxc4 Bg7+ 17. Be5 f6 18. Bf4 Be4 19. f3 Bd5 20. e4 f5+ 21.
Be5 Bxe5+ 22. Nxe5 fxe4 23. fxe4 Bxe4 24. Rhe1 Bd5 25. Nd3 Rf8 26. Re3 c4 27.
Nf4 Kd7 28. Rd1 Rf5 29. Ne6 Rb8 30. Nc5+ Kd6 31. Ne4+ Kc7 32. Rde1 Rbf8 33. Nd2
e6 34. a3 Rf2 35. h4 Rg2 36. R1e2 Rff2 37. Rxf2 Rxf2 38. Ne4 Rf1 39. Ng5 h6 40.
Nxe6+ Bxe6 41. Rxe6 Rf3+ 42. Kxc4 Rxg3 43. Kc5 Rg2 44. Re7+ Kb8 45. b4 Rc2+ 46.
Kd6 Rc4 47. Rg7 Rxh4 48. Kxc6 Rc4+ 49. Kb5 Rg4 50. Ka6 h5 51. Rxa7 h4 52. Kb6
Rf4 53. Rh7 Rf6+ 54. Kc5 Rf5+ 55. Kd6 Rh5 56. Re7 g5 57. Kd5 g4+ 58. Kd4 h3 59.
Re1 h2 0-1

[Event "GBR-ch106"]
[Site "Torquay"]
[Date "2019.08.03"]
[Round "8.1"]
[White "Haria, Ravi"]
[Black "Howell, David WL"]
[Result "1/2-1/2"]
[WhiteElo "2430"]
[BlackElo "2697"]
[PlyCount "178"]
[EventDate "2019.07.27"]
[EventType "swiss"]
[EventRounds "9"]
[EventCountry "GBR"]

1. e4 c6 2. Nc3 d5 3. Nf3 Bg4 4. h3 Bxf3 5. Qxf3 e6 6. Be2 Nf6 7. O-O Bc5 8.
Rd1 Bd4 9. exd5 cxd5 10. Bb5+ Nc6 11. Ne2 Bb6 12. d4 Ne4 13. Ng3 Nxg3 14. Qxg3
O-O 15. c3 Bc7 16. Qf3 Qf6 17. Qg4 Qg6 18. Bd3 f5 19. Qxg6 hxg6 20. Bg5 Rac8
21. Rac1 Bd8 22. h4 Kf7 23. g3 Bxg5 24. hxg5 a6 25. Kg2 Na5 26. Rc2 Rc6 27. Re2
Rb8 28. Rde1 b5 29. a3 Ke7 30. g4 Kf7 31. Kg3 Nc4 32. f3 Nb6 33. Re3 Na4 34.
R3e2 Nb6 35. Re3 Na8 36. Kf4 Nc7 37. Bf1 a5 38. b3 Rh8 39. Kg3 Ke7 40. Rc1 Kd6
41. Re5 Rb6 42. Bd3 a4 43. b4 Rbb8 44. Ree1 Kd7 45. Rh1 Rhg8 46. gxf5 gxf5 47.
Kf4 Ne8 48. Ke3 Nd6 49. Rh2 Rbc8 50. Kd2 Rh8 51. Rch1 Rxh2+ 52. Rxh2 Ke7 53.
Rh3 Kf7 54. Be2 Rb8 55. f4 Kg8 56. Bf1 Rb6 57. Be2 Rb7 58. Bf1 Rb8 59. Be2 Ne4+
60. Kc2 g6 61. Bf1 Kg7 62. Be2 Nd6 63. Bf1 Rh8 64. Rxh8 Kxh8 65. Be2 Kg7 66.
Bf1 Kf7 67. Be2 Ke7 68. Bf1 Kd7 69. Be2 Kc6 70. Bf1 Ne4 71. Be2 Nd6 72. Bf1 Kb6
73. Bd3 Ne4 74. Be2 Kc6 75. Kd3 Kb6 76. Kc2 Nf2 77. Kd2 Kc6 78. Ke3 Ne4 79. Kd3
Kb7 80. Kc2 Kc6 81. Kd3 Ng3 82. Bf3 Kd7 83. Be2 Kc7 84. Kd2 Kb6 85. Kd3 Ne4 86.
Kc2 Ng3 87. Kd3 Kb7 88. Kd2 Nxe2 89. Kxe2 Ka8 1/2-1/2

[Event "GBR-ch106"]
[Site "Torquay"]
[Date "2019.08.04"]
[Round "9.1"]
[White "Adams, Michael"]
[Black "Gordon, Stephen J"]
[Result "1-0"]
[WhiteElo "2690"]
[BlackElo "2516"]
[PlyCount "59"]
[EventDate "2019.07.27"]
[EventType "swiss"]
[EventRounds "9"]
[EventCountry "GBR"]

1. e4 c5 2. Nf3 d6 3. Bb5+ Nd7 4. Ba4 Ngf6 5. O-O a6 6. c4 e5 7. d3 g6 8. Nc3
Bg7 9. Rb1 O-O 10. h3 Ne8 11. b4 cxb4 12. Rxb4 Nc5 13. Nd5 b5 14. cxb5 Bd7 15.
b6 Nxa4 16. Rxa4 Bxa4 17. Qxa4 f6 18. Nd2 Rf7 19. Nc4 Qd7 20. Qxd7 Rxd7 21. Be3
f5 22. f3 Bf6 23. Rb1 Bd8 24. Na5 Rb8 25. Nc6 Rbb7 26. Na5 Rb8 27. Nc6 Rbb7 28.
a4 Kf7 29. a5 Nf6 30. Ndb4 1-0

[Event "GBR-ch106"]
[Site "Torquay"]
[Date "2019.08.04"]
[Round "9.2"]
[White "Howell, David WL"]
[Black "Arkell, Keith C"]
[Result "1-0"]
[WhiteElo "2697"]
[BlackElo "2461"]
[PlyCount "127"]
[EventDate "2019.07.27"]
[EventType "swiss"]
[EventRounds "9"]
[EventCountry "GBR"]

1. d4 Nf6 2. c4 e6 3. Nc3 Bb4 4. Qc2 c5 5. dxc5 Nc6 6. Nf3 Bxc5 7. Bf4 a6 8. e3
Nh5 9. Bg3 f5 10. Be2 O-O 11. Rd1 Nxg3 12. hxg3 g6 13. a3 Be7 14. e4 Rf7 15.
exf5 gxf5 16. Bd3 Rg7 17. Nd5 b6 18. Kf1 Rb8 19. b4 Qf8 20. Ne3 Qf6 21. Re1 d6
22. g4 fxg4 23. Bxh7+ Kf7 24. Nd2 Nd4 25. Qd1 Bb7 26. Be4 g3 27. Qh5+ Kf8 28.
f3 Rg5 29. Qh7 Rg7 30. Qh5 Rg5 31. Qh3 Bc8 32. Bd3 Bb7 33. Be4 Bc8 34. Ng4 Qg7
35. Qxg3 Nf5 36. Qf2 Bd7 37. Rh3 Kf7 38. Bd3 Rh8 39. Ne4 Rgh5 40. Rxh5 Rxh5 41.
g3 Nd4 42. Kg2 Qh8 43. Qd2 e5 44. Nef2 Be6 45. a4 Qa8 46. Qd1 a5 47. bxa5 bxa5
48. Be4 Qc8 49. Qb1 Kg7 50. Bd5 Bxd5 51. cxd5 Qc3 52. Re3 Qb4 53. Qe4 Nf5 54.
Re1 Qxe4 55. fxe4 Nd4 56. Rb1 Bd8 57. Rb8 Rh8 58. Ne3 Rf8 59. Nf5+ Nxf5 60.
exf5 Kf6 61. g4 e4 62. Nxe4+ Ke5 63. Kf3 Kxd5 64. Ng5 1-0

[Event "GBR-ch106"]
[Site "Torquay"]
[Date "2019.08.04"]
[Round "9.12"]
[White "Lane, Gary W"]
[Black "Stoyanov, Viktor"]
[Result "1/2-1/2"]
[WhiteElo "2364"]
[BlackElo "2198"]
[PlyCount "192"]
[EventDate "2019.07.27"]
[EventType "swiss"]
[EventRounds "9"]
[EventCountry "GBR"]

1. e4 g6 2. d4 Bg7 3. Nc3 c6 4. Bc4 d6 5. Bb3 Nf6 6. f4 O-O 7. Nf3 b5 8. a3 Bb7
9. O-O a5 10. e5 Ne8 11. Qe1 Na6 12. f5 d5 13. g4 f6 14. fxg6 hxg6 15. Nh4 Qc8
16. Nxg6 Qxg4+ 17. Qg3 Qxg3+ 18. hxg3 Nec7 19. Nxf8 Rxf8 20. Bf4 Ne6 21. Ne2
fxe5 22. Bxe5 Bxe5 23. dxe5 Nac5 24. Rxf8+ Kxf8 25. Rf1+ Kg7 26. g4 Bc8 27. Ba2
Nd7 28. Ng3 Nxe5 29. Nf5+ Kh8 30. Nxe7 Bd7 31. c3 Nxg4 32. Bb1 Ne5 33. Kh1 Kg7
34. Re1 Kf7 35. Nf5 Nc4 36. Re2 Kf6 37. Nd4 Nf4 38. Rf2 Ke5 39. Kh2 c5 40. Nf3+
Kd6 41. Ng5 Ne6 42. Nxe6 Bxe6 43. Kg3 b4 44. axb4 axb4 45. cxb4 cxb4 46. Kf4
Bd7 47. b3 Na5 48. Bc2 Be6 49. Rg2 Kc5 50. Bd1 Nc6 51. Rc2+ Kd6 52. Ra2 Kc5 53.
Ke3 Bf5 54. Ra1 Be4 55. Ra2 Bg6 56. Be2 Bf5 57. Bf3 Bg6 58. Rg2 Bf7 59. Bd1 Be6
60. Rc2+ Kd6 61. Kd2 Bf5 62. Ra2 Kc5 63. Ra4 Be4 64. Ra8 Kd6 65. Ke3 Kc5 66.
Rf8 Kd6 67. Rf6+ Kc5 68. Kd2 Ne5 69. Be2 Nc6 70. Kc1 Nd4 71. Bd1 Nc6 72. Kb2
Ne5 73. Be2 Nc6 74. Rf7 Nd4 75. Bd1 Nc6 76. Rb7 Na5 77. Rg7 Nc6 78. Bh5 Ne5 79.
Be2 Nc6 80. Rb7 Nd4 81. Bf1 Bf3 82. Rc7+ Kd6 83. Rc1 Be4 84. Ba6 Nc6 85. Rd1
Kc5 86. Be2 Nd4 87. Bf1 Nc6 88. Rd2 Nd4 89. Rh2 Nc6 90. Be2 Nd4 91. Bd1 Nc6 92.
Kc1 Ne5 93. Kd2 Nc6 94. Rh8 Kd6 95. Ke3 Kc5 96. Kd2 Kd6 1/2-1/2

[Event "GBR-ch106"]
[Site "Torquay"]
[Date "2019.08.04"]
[Round "9.16"]
[White "Smith, Andrew P"]
[Black "Moore, Graham J"]
[Result "0-1"]
[WhiteElo "2147"]
[BlackElo "2264"]
[PlyCount "116"]
[EventDate "2019.07.27"]
[EventType "swiss"]
[EventRounds "9"]
[EventCountry "GBR"]

1. e4 e6 2. f4 d5 3. e5 c5 4. Nf3 Nc6 5. c3 Qb6 6. Na3 Nh6 7. Nc2 Bd7 8. b3 Be7
9. Be2 f6 10. d4 cxd4 11. cxd4 Nb4 12. O-O Nxc2 13. Qxc2 Rc8 14. Qd3 O-O 15.
Bb2 a6 16. Rfc1 fxe5 17. fxe5 Nf5 18. Qd2 Bb5 19. Rxc8 Rxc8 20. Bxb5 Qxb5 21.
Rc1 Rf8 22. Qe1 a5 23. Rc7 a4 24. Qc3 Qe2 25. Qc2 Qe3+ 26. Qf2 Qd3 27. bxa4
Qb1+ 28. Bc1 Bd8 29. Rc3 Nxd4 30. Kh1 Nxf3 31. gxf3 Ba5 32. Rc2 Bb6 33. Qe2 Qb4
34. Kg2 Qd4 35. Ba3 Qg1+ 36. Kh3 Ra8 37. Bd6 Qg5 38. Rb2 Rxa4 39. Qe1 Bd8 40.
Bb4 Ra6 41. Bd6 h6 42. Qb4 Rb6 43. Qd4 Qh5+ 44. Kg2 Qg6+ 45. Kh3 Qf5+ 46. Kg2
Rc6 47. Qf2 Bb6 48. Rxb6 Rc2 49. Rxb7 Qg5+ 50. Kf1 Rxf2+ 51. Kxf2 Qd2+ 52. Kg3
Qxa2 53. Rb4 Qd2 54. Rf4 d4 55. Rf8+ Kh7 56. Rf7 Qe1+ 57. Kg2 Qe2+ 58. Kg3 d3
0-1

[Event "GBR-ch106 Major Open"]
[Site "Torquay"]
[Date "2019.07.27"]
[Round "1.10"]
[White "Whitehead, Mark A"]
[Black "Eames, Robert S"]
[Result "0-1"]
[WhiteElo "1887"]
[BlackElo "2136"]
[PlyCount "146"]
[EventDate "2019.07.27"]
[EventType "swiss"]
[EventRounds "9"]
[EventCountry "GBR"]

1. e4 e5 2. Nf3 Nc6 3. Bb5 a6 4. Ba4 d6 5. d3 Nf6 6. c3 g6 7. O-O Bg7 8. Nbd2
O-O 9. Re1 b5 10. Bc2 Bb7 11. a4 b4 12. a5 Rb8 13. Nc4 Re8 14. Ba4 Nd7 15. Bg5
f6 16. Be3 Nc5 17. Bxc5 dxc5 18. Qb3 Kh8 19. Rad1 Ba8 20. Qc2 Qe7 21. Nfd2 f5
22. Nf1 f4 23. f3 Red8 24. Nfd2 g5 25. Nb3 Na7 26. Rc1 Bc6 27. Bxc6 Nxc6 28.
Red1 Rb5 29. Ra1 Bf6 30. g4 h5 31. h3 Kg7 32. Kg2 Rdb8 33. Ncd2 Qd6 34. c4 R5b7
35. Nf1 hxg4 36. fxg4 Rh8 37. Qf2 Be7 38. Nh2 Qh6 39. Qf3 Bd6 40. Rh1 Rbb8 41.
Nf1 Qf6 42. Nfd2 Rbd8 43. Rad1 Be7 44. Qe2 Rd7 45. Nf3 Nd8 46. Rd2 Ne6 47. Qf2
Bd6 48. Kf1 Kf8 49. Ke1 Rdh7 50. Qf1 Ke7 51. Rdh2 Rh6 52. Qf2 R8h7 53. Kd2 Qh8
54. Qf1 Kd8 55. Ke2 Kc8 56. Kf2 Kb7 57. Kg2 Qe8 58. Qa1 Qd7 59. Kf2 Be7 60. Ke2
Bf6 61. Kd2 Rh8 62. Ke2 Rd8 63. Rd1 Qc6 64. Kf2 Rh7 65. Kg1 Ka7 66. Qb1 Rhd7
67. Rhd2 Nf8 68. Qc2 Ng6 69. Kg2 Rh7 70. Rh1 Be7 71. Rdd1 Rdh8 72. Rh2 Qd7 73.
Rdh1 Rxh3 0-1

[Event "GBR-ch106 Major Open"]
[Site "Torquay"]
[Date "2019.07.27"]
[Round "1.29"]
[White "Gardiner, Eric D"]
[Black "Metcalfe, Charlie P"]
[Result "0-1"]
[WhiteElo "1957"]
[BlackElo "1739"]
[PlyCount "78"]
[EventDate "2019.07.27"]
[EventType "swiss"]
[EventRounds "9"]
[EventCountry "GBR"]

1. e4 e6 2. d4 d5 3. e5 c5 4. c3 Nc6 5. Nf3 Qb6 6. Bd3 cxd4 7. cxd4 Bd7 8. O-O
Nxd4 9. Nbd2 Rc8 10. Nxd4 Qxd4 11. Nf3 Qb6 12. Qe2 Bc5 13. a3 a5 14. b4 axb4
15. axb4 Bxb4 16. Be3 Bc5 17. Rfb1 Qc7 18. Bxc5 Qxc5 19. Rxb7 Bc6 20. Rbb1 Ne7
21. Rc1 Qb6 22. Rab1 Qa7 23. h4 O-O 24. Bxh7+ Kxh7 25. Ng5+ Kg6 26. Qd3+ f5 27.
exf6+ Kxf6 28. Qf3+ Kg6 29. Qd3+ Rf5 30. g4 Qxf2+ 31. Kh1 Qxh4+ 32. Nh3 d4+ 33.
Rxc6 Nxc6 34. gxf5+ exf5 35. Rg1+ Kf6 36. Rf1 Qh5 37. Kg2 Re8 38. Qb5 Qe2+ 39.
Qxe2 Rxe2+ 0-1

[Event "GBR-ch106 Major Open"]
[Site "Torquay"]
[Date "2019.07.27"]
[Round "1.36"]
[White "Mize, Dylan"]
[Black "Modi, Kishan J"]
[Result "0-1"]
[WhiteElo "1513"]
[BlackElo "1923"]
[PlyCount "102"]
[EventDate "2019.07.27"]
[EventType "swiss"]
[EventRounds "9"]
[EventCountry "GBR"]

1. d4 d5 2. c4 dxc4 3. Nf3 Nf6 4. e3 e6 5. Bxc4 c5 6. O-O a6 7. a4 Nc6 8. Nc3
Be7 9. Qe2 O-O 10. Rd1 Qc7 11. h3 Rd8 12. b3 Na5 13. Ne5 cxd4 14. exd4 Bb4 15.
Ne4 Nxe4 16. Qxe4 Nxc4 17. bxc4 f6 18. Nd3 Bc3 19. Bb2 Rxd4 20. Qe3 Rxc4 21.
Bxc3 Rxc3 22. Qe2 Bd7 23. Nf4 Qxf4 24. Rxd7 Rc1+ 25. Rxc1 Qxc1+ 26. Kh2 Qc6 27.
Qd3 Re8 28. Qd6 Qxd6+ 29. Rxd6 Re7 30. Kg3 Kf7 31. Rb6 Ke8 32. Kf4 Kd8 33. Ke4
Kc7 34. a5 e5 35. Kf5 e4 36. Rb4 Re5+ 37. Kf4 Rxa5 38. Rxe4 Re5 39. Rc4+ Kd6
40. Rc8 a5 41. h4 a4 42. Ra8 b5 43. g4 Re2 44. f3 Kc6 45. Ra7 Kb6 46. Ra8 Re7
47. Rb8+ Rb7 48. Rc8 a3 49. Rc1 b4 50. Rb1 Kc5 51. Ke3 b3 0-1

[Event "GBR-ch106 Major Open"]
[Site "Torquay"]
[Date "2019.07.27"]
[Round "1.37"]
[White "Cocks, Elliot"]
[Black "Donnelly, Andrew J"]
[Result "1-0"]
[WhiteElo "1907"]
[BlackElo "1385"]
[PlyCount "109"]
[EventDate "2019.07.27"]
[EventType "swiss"]
[EventRounds "9"]
[EventCountry "GBR"]

1. Nf3 d5 2. d4 Nf6 3. c4 c6 4. Nc3 Bg4 5. Qb3 Bxf3 6. Qxb7 Bxg2 7. Bxg2 Nbd7
8. cxd5 cxd5 9. Nxd5 Nxd5 10. Qxd5 Rb8 11. O-O e6 12. Qc6 Be7 13. b3 O-O 14.
Bf4 Rc8 15. Qa6 Bf6 16. Qxa7 e5 17. dxe5 Bxe5 18. Bxe5 Nxe5 19. Rac1 Rb8 20.
Rfd1 Qh4 21. Qd4 Qe7 22. Qd6 Qe8 23. Rc2 Rb5 24. Rc7 Ng6 25. e3 Rg5 26. Kh1 Nh4
27. Bc6 Qb8 28. Rd7 Qxd6 29. R7xd6 Rc5 30. Be4 g6 31. Rd8 Rxd8 32. Rxd8+ Kg7
33. Rd1 f5 34. Bb1 g5 35. b4 Re5 36. a4 f4 37. e4 h6 38. Bd3 Re7 39. a5 Ng6 40.
f3 Ne5 41. Be2 Nc6 42. Rb1 Nd4 43. Rb2 g4 44. Kg2 Kf6 45. b5 Re5 46. b6 Nxe2
47. b7 gxf3+ 48. Kf2 Re8 49. a6 Nc1 50. Kxf3 Nd3 51. Rb6+ Kg5 52. a7 Ne1+ 53.
Kf2 Nd3+ 54. Kf1 Rxe4 55. Rb1 1-0

[Event "GBR-ch106 Major Open"]
[Site "Torquay"]
[Date "2019.07.28"]
[Round "2.5"]
[White "Guthrie, David W"]
[Black "Mueller, Jens"]
[Result "1-0"]
[WhiteElo "2142"]
[BlackElo "1965"]
[PlyCount "141"]
[EventDate "2019.07.27"]
[EventType "swiss"]
[EventRounds "9"]
[EventCountry "GBR"]

1. d4 g6 2. c4 Bg7 3. e4 d6 4. Nc3 Nf6 5. Be2 O-O 6. Nf3 e5 7. O-O Nc6 8. d5
Ne7 9. b4 a5 10. Ba3 b6 11. bxa5 Rxa5 12. Bb4 Ra8 13. a4 Ba6 14. a5 bxa5 15.
Bxa5 Qd7 16. Qc2 Nh5 17. g3 h6 18. Nb5 Rfc8 19. Rfb1 Nf6 20. c5 Ne8 21. c6 Qd8
22. Bd2 Rcb8 23. Be3 Bxb5 24. Rxa8 Rxa8 25. Rxb5 Qc8 26. Kg2 Rb8 27. Nd2 Rxb5
28. Bxb5 h5 29. Nf3 f6 30. Be2 Kh7 31. Qd2 Ng8 32. Nh4 Qd8 33. f4 exf4 34. gxf4
f5 35. Nf3 Bh6 36. exf5 gxf5 37. Nd4 Ng7 38. Bd3 Qf6 39. Nf3 Ne7 40. Bc4 Ng6
41. Kg3 h4+ 42. Kf2 Nh5 43. Bd4 Qe7 44. Ng5+ Bxg5 45. fxg5 Nhf4 46. Qa5 Nh3+
47. Kf1 Nxg5 48. Bd3 Ne4 49. Qa8 Ne5 50. Qc8 Qf7 51. Bxe5 dxe5 52. Qd7 Nd6 53.
Qxf7+ Nxf7 54. Bxf5+ Kh6 55. Ke2 Kg5 56. Be6 Nd6 57. Ke3 Kf6 58. Kf3 Nb5 59.
Kg4 Nd4 60. Kxh4 Nxe6 61. dxe6 Kxe6 62. Kg4 Kd6 63. h4 Kxc6 64. h5 Kd5 65. h6
c5 66. h7 c4 67. h8=Q c3 68. Kf5 Kc4 69. Qh1 c2 70. Kxe5 Kb3 71. Qc1 1-0

[Event "GBR-ch106 Major Open"]
[Site "Torquay"]
[Date "2019.07.28"]
[Round "2.6"]
[White "Modi, Kishan J"]
[Black "Unnikrishnan, Midhun P"]
[Result "1-0"]
[WhiteElo "1923"]
[BlackElo "2142"]
[PlyCount "103"]
[EventDate "2019.07.27"]
[EventType "swiss"]
[EventRounds "9"]
[EventCountry "GBR"]

1. e4 e5 2. Nf3 Nc6 3. d4 exd4 4. Bc4 Nf6 5. e5 d5 6. Bb5 Ne4 7. Nxd4 Bd7 8.
Bxc6 bxc6 9. O-O Bc5 10. f3 Ng5 11. f4 Ne4 12. Be3 Bb6 13. c3 c5 14. Nc2 Bf5
15. Nd2 Nxd2 16. Qxd2 O-O 17. Rfd1 f6 18. Ne1 fxe5 19. Qxd5+ Qxd5 20. Rxd5 exf4
21. Bf2 Rae8 22. Rd2 Re6 23. Nf3 c4 24. Nd4 Rd6 25. Re2 Bg4 26. Re7 Rg6 27.
Rae1 Bh3 28. g3 fxg3 29. hxg3 Rgf6 30. Be3 Bc5 31. Re4 Bd6 32. Kh2 Bd7 33. b4
cxb3 34. axb3 c5 35. Ne2 Bc6 36. Rh4 Re6 37. Nf4 Bxf4 38. gxf4 Rfe8 39. Rh3 a5
40. Rg3 Kf7 41. Kg1 Rb8 42. Ra1 c4 43. Bd4 cxb3 44. Rxg7+ Kf8 45. f5 b2 46. Rb1
Rh6 47. f6 Bd5 48. Bc5+ Ke8 49. Re7+ Kd8 50. f7 Rg6+ 51. Kh2 Rf6 52. Re8+ 1-0

[Event "GBR-ch106 Major Open"]
[Site "Torquay"]
[Date "2019.07.28"]
[Round "2.7"]
[White "Eames, Robert S"]
[Black "Rogacewicz, Mikolaj"]
[Result "1/2-1/2"]
[WhiteElo "2136"]
[BlackElo "1925"]
[PlyCount "118"]
[EventDate "2019.07.27"]
[EventType "swiss"]
[EventRounds "9"]
[EventCountry "GBR"]

1. d4 e6 2. c4 Nf6 3. Nc3 Bb4 4. f3 O-O 5. a3 Bxc3+ 6. bxc3 d6 7. e4 Nbd7 8.
Bd3 e5 9. Ne2 Qe7 10. O-O Re8 11. Ng3 Nb6 12. a4 a5 13. c5 dxc5 14. Ba3 Nbd7
15. Nf5 Qf8 16. Qd2 b6 17. Bb5 Ba6 18. dxc5 Nxc5 19. Bxe8 Bxf1 20. Bc6 Rd8 21.
Qg5 Bc4 22. Ne3 Be6 23. Qxe5 Qd6 24. Qxd6 Rxd6 25. Bb5 Nfd7 26. f4 f6 27. Nf5
Bxf5 28. exf5 Rd2 29. Re1 Kf7 30. Bc4+ Kf8 31. Be6 Rd3 32. Rc1 Ke8 33. Bc4 Re3
34. Bb5 Kd8 35. Kf2 Rxc3 36. Rxc3 Ne4+ 37. Ke3 Nxc3 38. Bc6 Nb8 39. Bf3 c5 40.
Kd3 Nxa4 41. Bd1 b5 42. Bxa4 bxa4 43. Bxc5 Kc7 44. Bf8 g6 45. fxg6 hxg6 46. g4
Kd7 47. Kc4 Ke6 48. Kb5 Nd7 49. Ba3 Kd5 50. h4 Ke4 51. h5 gxh5 52. gxh5 f5 53.
h6 Nf6 54. Kxa4 Kxf4 55. Bc1+ Kg4 56. Kxa5 Kh5 57. Kb5 Kg6 58. Kc4 Ng4 59. Kd3
Nxh6 1/2-1/2

[Event "GBR-ch106 Major Open"]
[Site "Torquay"]
[Date "2019.07.28"]
[Round "2.26"]
[White "Chapman, Matt"]
[Black "Guthrie, William"]
[Result "1-0"]
[WhiteElo "1957"]
[BlackElo "1458"]
[PlyCount "51"]
[EventDate "2019.07.27"]
[EventType "swiss"]
[EventRounds "9"]
[EventCountry "GBR"]

1. e4 e5 2. Nf3 Nc6 3. d4 d6 4. Bc4 Bg4 5. c3 Nf6 6. Qb3 Na5 7. Qa4+ c6 8. Bd3
b5 9. Qc2 Be7 10. Nbd2 O-O 11. O-O h6 12. dxe5 dxe5 13. Nxe5 Qd6 14. Nxg4 Nxg4
15. Nf3 Bd8 16. h3 Ne5 17. Nxe5 Qxe5 18. Be3 Bc7 19. f4 Qf6 20. Rad1 Rad8 21.
Qf2 Nc4 22. Bxc4 bxc4 23. Qf3 Rd3 24. Rxd3 cxd3 25. Bd4 d2 26. Bxf6 1-0

[Event "GBR-ch106 Major Open"]
[Site "Torquay"]
[Date "2019.07.28"]
[Round "2.36"]
[White "Hussain, Adam"]
[Black "Salmons, Calum"]
[Result "0-1"]
[WhiteElo "1515"]
[BlackElo "1898"]
[PlyCount "56"]
[EventDate "2019.07.27"]
[EventType "swiss"]
[EventRounds "9"]
[EventCountry "GBR"]

1. d4 Nf6 2. Nc3 d5 3. e4 Nxe4 4. Nxe4 dxe4 5. Bf4 Bf5 6. Ne2 e6 7. Qd2 Nd7 8.
h3 Nf6 9. c4 Bd6 10. g4 Bg6 11. Bg2 h6 12. Be3 e5 13. d5 Qe7 14. a3 a5 15. Nc3
Bc5 16. O-O-O O-O 17. g5 hxg5 18. Bxg5 Qd6 19. h4 Ng4 20. Rdf1 f6 21. Be3 Bxe3
22. fxe3 Qc5 23. h5 Bh7 24. Bh3 Nxe3 25. Be6+ Kh8 26. Rfg1 Nxc4 27. Qg2 Qe3+
28. Kd1 Qh6 0-1

[Event "GBR-ch106 Major Open"]
[Site "Torquay"]
[Date "2019.07.28"]
[Round "2.37"]
[White "Morgan, Jamie"]
[Black "Rushbrooke, Tibo"]
[Result "1-0"]
[WhiteElo "1894"]
[BlackElo "1700"]
[PlyCount "79"]
[EventDate "2019.07.27"]
[EventType "swiss"]
[EventRounds "9"]
[EventCountry "GBR"]

1. e4 e5 2. Bc4 Nc6 3. d3 Nf6 4. Nf3 Be7 5. O-O O-O 6. Re1 d6 7. c3 Bg4 8. h3
Bh5 9. g4 Bg6 10. Nh4 Kh8 11. Nf5 Bxf5 12. exf5 Ng8 13. Qf3 Bg5 14. Nd2 Bf4 15.
Nf1 Bxc1 16. Raxc1 Qf6 17. Ng3 Nge7 18. h4 Qxh4 19. Kg2 e4 20. Rxe4 d5 21. Rh1
dxe4 22. Nxe4 Ne5 23. Rxh4 Nxf3 24. Kxf3 f6 25. Nc5 g6 26. Ne6 gxf5 27. Nxf8
fxg4+ 28. Rxg4 Rxf8 29. d4 Nf5 30. Kf4 Nd6 31. Bd5 Re8 32. f3 f5 33. Rg5 c6 34.
Bb3 b5 35. Bc2 Re2 36. Bxf5 Nxf5 37. Kxf5 Rxb2 38. Kf6 Rf2 39. Rf5 Rxa2 40. d5
1-0

[Event "GBR-ch106 Major Open"]
[Site "Torquay"]
[Date "2019.07.28"]
[Round "2.38"]
[White "Donnelly, Andrew J"]
[Black "Whitehead, Mark A"]
[Result "0-1"]
[WhiteElo "1385"]
[BlackElo "1887"]
[PlyCount "86"]
[EventDate "2019.07.27"]
[EventType "swiss"]
[EventRounds "9"]
[EventCountry "GBR"]

1. e4 c5 2. Nf3 e6 3. d4 cxd4 4. Nxd4 a6 5. Nc3 Qc7 6. g3 b5 7. Bg2 Bb7 8. O-O
Nf6 9. Bf4 d6 10. Ndxb5 axb5 11. Nxb5 Qb6 12. Nxd6+ Bxd6 13. Bxd6 Bxe4 14. Bxe4
Nxe4 15. Be5 Nf6 16. Bd6 Nbd7 17. Qf3 Rc8 18. Rfd1 Qc6 19. Qxc6 Rxc6 20. c3 Nd5
21. Ba3 f6 22. Rd4 Ne5 23. Ra4 Kf7 24. Ra7+ Kg6 25. f4 Nc4 26. Kf2 Rb8 27. b3
Nxa3 28. Rxa3 Nxc3 29. Ra7 Nd5 30. Re1 Rbc8 31. a4 Rb8 32. Rb1 Rc2+ 33. Kg1 Nc3
34. Re1 Rxb3 35. a5 Rbb2 36. a6 Rg2+ 37. Kh1 Rxh2+ 38. Kg1 Rbg2+ 39. Kf1 Rf2+
40. Kg1 Ne2+ 41. Rxe2 Rxe2 42. Rb7 Ra2 43. a7 Rhc2 0-1

[Event "GBR-ch106 Major Open"]
[Site "Torquay"]
[Date "2019.07.28"]
[Round "2.39"]
[White "Garnett, John S"]
[Black "Pattni, Kishan"]
[Result "1-0"]
[WhiteElo "1885"]
[BlackElo "1608"]
[PlyCount "91"]
[EventDate "2019.07.27"]
[EventType "swiss"]
[EventRounds "9"]
[EventCountry "GBR"]

1. c4 e5 2. g3 Nc6 3. Bg2 f5 4. Nc3 Nf6 5. d3 a5 6. e3 d6 7. Nge2 Be7 8. O-O g5
9. f4 exf4 10. exf4 g4 11. d4 h5 12. d5 Nb8 13. Nd4 h4 14. Qd3 Rh5 15. Bd2 Na6
16. Rae1 Nc5 17. Qc2 Kf7 18. Re2 Qh8 19. Rfe1 Bd8 20. Ne6 Bxe6 21. dxe6+ Ke7
22. Be3 c6 23. Bxc5 dxc5 24. Re5 hxg3 25. hxg3 Qh7 26. Qb3 Ra7 27. Na4 Ne4 28.
Bxe4 fxe4 29. Rxh5 Qxh5 30. Rxe4 Qf5 31. Qe3 b6 32. Nc3 Ke8 33. Re5 Qc2 34. Rh5
Bf6 35. Rh2 Bd4 36. Rxc2 Bxe3+ 37. Kg2 Ke7 38. Re2 Bd4 39. Nd1 Kf6 40. Nf2 Bxf2
41. Kxf2 Re7 42. Re5 a4 43. b3 axb3 44. axb3 b5 45. Ke3 b4 46. Ke4 1-0

[Event "GBR-ch106 Major Open"]
[Site "Torquay"]
[Date "2019.07.28"]
[Round "2.40"]
[White "Roy, Ali"]
[Black "Mize, Dylan"]
[Result "1-0"]
[WhiteElo "1871"]
[BlackElo "1513"]
[PlyCount "111"]
[EventDate "2019.07.27"]
[EventType "swiss"]
[EventRounds "9"]
[EventCountry "GBR"]

1. Nf3 d5 2. g3 c6 3. Bg2 Bg4 4. O-O e6 5. d3 Bd6 6. Nbd2 Ne7 7. h3 Bh5 8. e4
Nd7 9. Qe1 O-O 10. b3 Bb4 11. a3 Bc3 12. Rb1 Qa5 13. b4 Qb6 14. Qe2 Rfe8 15.
Nb3 Qc7 16. g4 Bg6 17. Nfd4 dxe4 18. dxe4 Rad8 19. Qe3 Bxd4 20. Nxd4 a6 21. f4
e5 22. Nf5 exf4 23. Qxf4 Qxf4 24. Bxf4 f6 25. Nd6 Rf8 26. Nxb7 Rc8 27. Rbd1 Ne5
28. Rd4 Rb8 29. Nc5 Rfd8 30. Rfd1 Rxd4 31. Rxd4 a5 32. Nd7 Ra8 33. Nxe5 fxe5
34. Bxe5 c5 35. Rd7 Kf7 36. Rb7 axb4 37. axb4 cxb4 38. Bd6 Re8 39. Bxb4 Ke6 40.
Bxe7 Rxe7 41. Rxe7+ Kxe7 42. Kf2 Kd6 43. Ke3 Kc5 44. Bf1 Bf7 45. g5 h6 46. h4
Be6 47. Kf4 Kd4 48. gxh6 gxh6 49. Bd3 Bd7 50. e5 Be6 51. Bf5 Bf7 52. e6 Bh5 53.
Be4 Be8 54. Kf5 Bh5 55. e7 Be8 56. Bd3 1-0